Born in Trondheim - Statistics

General Stats
  • This quiz has been taken 38 times
    3 since last reset
  • The average score is 6 of 9
Answer Stats
Hint Answer % Correct
Footballer who plays for Atlético Madrid and the Norwegian national team 1995 Alexander Sørloth
100%
Former cross-country skier and the winner of the most medals in Winter Olympics history 1980 Marit Bjørgen
100%
Founder of Rema 1000 and richest person of Norway 1951 Odd Reitan
100%
Handball player who plays for Aalborg and the Norwegian national team (Best World Handall Player 2018) 1995 Sander Sagosen
100%
Handball coach of the Norwegian national team 1973 Christian Berge
67%
Former biathlete and winner of four Olympic gold medals 1985 Emil Hegle Svendsen
67%
Footballer player who played for Rosenborg, Hertha Berlin, Hamburger SV and Norwegian national team 1987 Per Ciljan Skjelbred
33%
Handball player for Paris Saint-Germain and the Norwegian national team 2000 Simen Lyse
33%
Cinematographer, "Another Round" "Victoria" 1980 Sturla Brandth Grøvlen
0%
No matching quizzes found
Score Distribution
Percent of People with Each Score
Percentile by Number Answered
Your Score History
You have not taken this quiz since the last reset